| 000 | 00702nam a2200241Ia 4500 | ||
|---|---|---|---|
| 005 | 20260629163254.0 | ||
| 008 | 260629s9999||||xx |||||||||||||| ||und|| | ||
| 020 |
_a815624646 _qhb |
||
| 082 |
_a809.92 _bMAL |
||
| 100 | _aMallory, William E. [ed.] | ||
| 245 | 0 | _aGeography and literature : a meeting of the disciplines | |
| 260 |
_aNew York _bSyracuse University Press _c1987 |
||
| 300 | _axv, 210p. ; 23cm. | ||
| 653 | _aGeography | ||
| 653 | _aHuman geography | ||
| 653 | _aLiterary criticism | ||
| 653 | _aLiterature | ||
| 653 | _aLocal color in literature | ||
| 653 | _aSetting (Literature) | ||
| 653 | _aSpace in literature | ||
| 700 | _aSimpson-Housley, Paul [ed.] | ||
| 942 | _cBK | ||
| 999 |
_c57304 _d57304 |
||